| 000 | 00572nam a2200181 a 4500 | ||
|---|---|---|---|
| 001 | 000044798 | ||
| 005 | 20201002045633.0 | ||
| 008 | 150112s2014 dr 000 0 spa d | ||
| 020 | _a9789945081152 | ||
| 040 |
_aDO-SdBNP _bspa _cBNPHU |
||
| 082 |
_axxxxx _bxxxxx |
||
| 100 | 1 |
_aTejeda Medina, José Miguel _969849 |
|
| 245 | 1 | 0 |
_aHerencia eterna / _cJosé Miguel Tejeda Medina. |
| 260 |
_aSanto Domingo : _bE & L impresos, _c2014. |
||
| 300 |
_a168 p. ; _c21 cm. |
||
| 500 | _aIncluye datos biográficos del autor en la contracubierta | ||
| 504 | _aBibliografías : p. 163 | ||
| 999 |
_c44287 _d44287 |
||